| 000 | 00628nam a2200181 4500 | ||
|---|---|---|---|
| 999 |
_c17411 _d17411 |
||
| 008 | 221012b ||||| |||| 00| 0 eng d | ||
| 020 | _a9786214182176 | ||
| 082 |
_22021 _aDFil 363.25964 _bB969 |
||
| 100 |
_aBustria, Leonardo A. _946334 |
||
| 245 |
_aFire behavior and arson investigation / _cLeonardo A. Bustria. |
||
| 250 | _aThird edition. | ||
| 260 |
_aQuezon City : _bWiseman's Books trading, Inc., _c©2021. |
||
| 300 |
_avi, 273 pages : _billustrations ; _c22 cm. |
||
| 500 | _aIncludes bibliographical references. | ||
| 650 |
_aFire behavior. _946335 |
||
| 650 |
_aArson investigation. _946336 |
||
| 942 |
_2ddc _cDFIL |
||